000
002820000a22000970004500
100
1
_a
Góngora, Alvin
245
1
0
_a
Fe desde la violencia : Tres lecciones desde Colombia
300
_a
Vol. 19, Num 1 y 2 (Enero-Junio, 2000), Páginas 44-47
773
0
_t
Iglesia y Misión
942
_c
ANA
999
_c
52437
_d
52437